The valuation of share and the efficient : market theory

Bibliographic Details
Main Author: Firth, Michael
Format: Book
Published: London : MacMillan Press , c1977
Subjects:

MARC

LEADER 00000cam a2200000 7i4500
001 0000001084
005 20030124.0
020 |a 0333214099 
040 |a INS 
090 0 0 |a HG4539.   |b F54 1977 
100 1 |a Firth, Michael 
245 1 4 |a The valuation of share and the efficient :   |b market theory   |c Michael Firth 
260 |a London :   |b MacMillan Press ,   |c c1977 
300 |a vii,184p. :   |b ill. charts, bib index ;   |c 22 cm. 
650 0 0 |a Stocks   |x Valuation 
650 0 0 |a Valuation theory 
650 0 0 |a Value analysis (cost control) 
999 |a 0000000339   |b BOOK   |c Open Shelf   |e Default branch